Heidegger : su filosofía a través de la nada /

Gardado en:
Detalles Bibliográficos
Autor Principal: Cohn, Priscilla N. (autor)
Outros autores: Ferrater Mora, José (prólogo) (prólogo)
Formato: Libro
Idioma:Lingua castelá
Publicado: Madrid, España : Guadarrama, 1975, c1975
Series:(Colección Universitaria de Bolsillo Punto Omega ; Filosofía) 189.
Temas:
Etiquetas: Engadir etiqueta
Sen Etiquetas, Sexa o primeiro en etiquetar este rexistro!

MARC

LEADER 00000nam^a2200000^a^4500
001 000000854
005 20250521000000.0
009 20260310083044.412
020 |a 84-250-0189-7 
037 |a Acervo ITESO - Biblioteca 
041 |a ESP 
082 |a 102.  |b COH 
100 |a Cohn, Priscilla N.  |e (autor) 
245 1 0 |a Heidegger :  |b su filosofía a través de la nada /  |c P.N. Cohn ; pról. de J. Ferrater Mora ; tr. por Angel García Fluixá. 
264 4 |a Madrid, España :  |b Guadarrama,  |c 1975, c1975 
300 |a 205 p. 
336 |a texto  |b txt  |2 rdacontenido 
337 |a sin mediación  |b n  |2 rdamedio 
338 |a volumen  |b nc  |2 rdasoporte 
440 1 |a (Colección Universitaria de Bolsillo Punto Omega ;  |v 189.  |p Filosofía) 
500 |a Traducción de: The Concept of Nothingness in the Thoughtof Martin Heidegger 
649 |a XX 
650 |a Filosofía Alemana 
650 |a Heidegger, Martin -  |x Tema Principal 
700 |a Ferrater Mora, José  |e (prólogo) 
910 |a Fondo General 
920 |a Impresos - Libros 
930 |a Colección General 
905 |a 101 
901 |a 0008540100  |b IT1  |c ACC  |i 000854  |u 20250521 
902 |a https://opac.biblio.iteso.mx/vufind/Record/000000854